宣城市地图 Xuancheng Map Quiz - Statistics

General Stats
  • This quiz has been taken 28 times
  • The average score is 6 of 7
Answers on the Map
Answers color-coded by a green-red scale on the quiz's map according to % correct below.
 
Answer Stats
Answer % Correct
宣州区
92%
广德市
88%
宁国市
83%
绩溪县
79%
泾县
75%
旌德县
71%
郎溪县
67%
No matching quizzes found
Score Distribution
Percent of People with Each Score
Percentile by Number Answered
Your Score History
You have not taken this quiz